Úverové aktivity Medzinárodného menového fondu bakalárska práca

Gespeichert in:
Bibliographische Detailangaben
1. Verfasser: Srnánková, Lucia
Körperschaft: Národohospodárska fakulta EU. Katedra bankovníctva a medzinárodných financií
Weitere Verfasser: Zelenková, Natália, 1985-
Format: Buch
Sprache:Slowakisch
Veröffentlicht: Bratislava 2017
Tags: Tag hinzufügen
Keine Tags, Fügen Sie das erste Tag hinzu!

MARC

LEADER 00000nbm a2200000 4500
001 0233704
005 20180115154304.0
041 0 |a slo 
044 |a SK 
245 1 0 |a Úverové aktivity Medzinárodného menového fondu  |b bakalárska práca  |c Lucia Srnánková ; školiteľ: Natália Zelenková 
264 1 |a Bratislava  |c 2017 
300 |a 39 s. 
100 1 |a Srnánková, Lucia 
700 1 |a Zelenková, Natália, 1985- 
710 2 |a Národohospodárska fakulta EU. Katedra bankovníctva a medzinárodných financií